[Event "EUYCC 2025 - U12"]
[Site "?"]
[Date "2025.08.24"]
[Round "6.13"]
[White "Sevcikova, Terezie"]
[Black "Slusarczyk, Agnieszka"]
[Result "0-1"]
[BlackElo "1702"]
[WhiteElo "1568"]
[LiveChessVersion "1.4.8"]

1. e4 {[%clk 1:30:58]} e5 {[%clk 1:30:29]} 2. Nf3 {[%clk 1:31:21]} Nf6
{[%clk 1:30:42]} 3. Nxe5 {[%clk 1:31:35]} d6 {[%clk 1:30:46]} 4. Nf3
{[%clk 1:31:54]} Nxe4 {[%clk 1:30:57]} 5. Nc3 {[%clk 1:32:12]} Nxc3
{[%clk 1:31:19]} 6. dxc3 {[%clk 1:32:36]} Be7 {[%clk 1:31:32]} 7. Be3
{[%clk 1:32:57]} Nc6 {[%clk 1:31:32]} 8. Qd2 {[%clk 1:32:37]} Be6
{[%clk 1:31:39]} 9. O-O-O {[%clk 1:31:55]} Qd7 {[%clk 1:28:08]} 10. Kb1
{[%clk 1:29:21]} Bf6 {[%clk 1:22:38]} 11. Be2 {[%clk 1:22:35]} O-O-O
{[%clk 1:20:18]} 12. Nd4 {[%clk 1:21:51]} Nxd4 {[%clk 1:17:48]} 13. Bxd4
{[%clk 1:18:46]} Bxd4 {[%clk 1:17:50]} 14. Qxd4 {[%clk 1:19:07]} c5
{[%clk 1:16:31]} 15. Qf4 {[%clk 1:17:28]} Rhe8 {[%clk 1:14:42]} 16. Rhe1
{[%clk 1:12:21]} h6 {[%clk 1:02:33]} 17. h4 {[%clk 1:07:34]} Qc6 {[%clk 1:00:46]}
18. g3 {[%clk 1:03:56]} d5 {[%clk 0:48:48]} 19. b3 {[%clk 1:01:26]} Qb6
{[%clk 0:44:00]} 20. c4 {[%clk 0:58:08]} d4 {[%clk 0:43:46]} 21. Bg4
{[%clk 0:57:21]} Qc7 {[%clk 0:32:23]} 22. Qxc7+ {[%clk 0:56:38]} Kxc7
{[%clk 0:32:43]} 23. Bxe6 {[%clk 0:56:58]} Rxe6 {[%clk 0:31:55]} 24. Rxe6
{[%clk 0:57:08]} fxe6 {[%clk 0:32:08]} 25. Re1 {[%clk 0:57:17]} Kd6
{[%clk 0:32:08]} 26. c3 {[%clk 0:56:22]} d3 {[%clk 0:30:26]} 27. Kc1
{[%clk 0:56:37]} e5 {[%clk 0:28:18]} 28. Kd2 {[%clk 0:56:58]} Rf8
{[%clk 0:28:26]} 29. Kxd3 {[%clk 0:51:39]} Rxf2 {[%clk 0:28:20]} 30. a3
{[%clk 0:49:15]} Ra2 {[%clk 0:27:36]} 31. b4 {[%clk 0:49:08]} b6 {[%clk 0:27:14]}
32. bxc5+ {[%clk 0:47:51]} bxc5 {[%clk 0:27:24]} 33. Ke4 {[%clk 0:47:36]} Ke6
{[%clk 0:26:56]} 34. Rd1 {[%clk 0:46:51]} Rxa3 {[%clk 0:24:24]} 35. Rd5
{[%clk 0:46:34]} Rxc3 {[%clk 0:24:14]} 36. Rxc5 {[%clk 0:46:50]} Rxg3
{[%clk 0:23:44]} 37. Rxe5+ {[%clk 0:47:07]} Kd6 {[%clk 0:24:03]} 38. Ra5
{[%clk 0:44:00]} Rg4+ {[%clk 0:21:17]} 39. Kf3 {[%clk 0:44:18]} Rxh4
{[%clk 0:18:44]} 40. Rxa7 {[%clk 0:44:33]} g5 {[%clk 0:18:40]} 41. Kg3
{[%clk 0:44:38]} Rxc4 {[%clk 0:18:21]} 42. Ra6+ {[%clk 0:44:48]} Rc6
{[%clk 0:18:41]} 43. Ra1 {[%clk 0:44:56]} Ke5 {[%clk 0:18:40]} 44. Re1+
{[%clk 0:44:38]} Kf5 {[%clk 0:18:58]} 45. Rf1+ {[%clk 0:44:39]} Kg6
{[%clk 0:19:24]} 46. Rd1 {[%clk 0:42:54]} h5 {[%clk 0:19:33]} 47. Rd5
{[%clk 0:43:00]} h4+ {[%clk 0:18:49]} 48. Kh3 {[%clk 0:42:40]} Kh5
{[%clk 0:19:02]} 49. Rd3 {[%clk 0:41:19]} g4+ {[%clk 0:17:52]} 50. Kg2
{[%clk 0:41:41]} Rc2+ {[%clk 0:18:14]} 51. Kg1 {[%clk 0:42:06]} h3
{[%clk 0:18:35]} 52. Ra3 {[%clk 0:42:22]} Kh4 {[%clk 0:18:47]} 53. Ra4
{[%clk 0:42:15]} Rc3 {[%clk 0:18:29]} 0-1

[Event "EUYCC 2025 - U12"]
[Site "?"]
[Date "2025.08.24"]
[Round "6.14"]
[White "Fei, Emie"]
[Black "Flidr, Jan"]
[Result "1-0"]
[BlackElo "1431"]
[WhiteElo "1557"]
[LiveChessVersion "1.4.8"]

1. e4 {[%clk 1:30:55]} c5 {[%clk 1:30:31]} 2. c3 {[%clk 1:30:53]} e6
{[%clk 1:30:40]} 3. d4 {[%clk 1:30:19]} d5 {[%clk 1:29:57]} 4. exd5
{[%clk 1:29:53]} Qxd5 {[%clk 1:29:59]} 5. Nf3 {[%clk 1:28:58]} Nf6
{[%clk 1:30:12]} 6. Na3 {[%clk 1:28:19]} Nc6 {[%clk 1:28:56]} 7. Be3
{[%clk 1:26:14]} cxd4 {[%clk 1:26:16]} 8. Nb5 {[%clk 1:25:13]} Qd8
{[%clk 1:25:46]} 9. Nbxd4 {[%clk 1:24:41]} Nxd4 {[%clk 1:22:29]} 10. Bxd4
{[%clk 1:19:53]} Be7 {[%clk 1:18:56]} 11. Bd3 {[%clk 1:16:04]} O-O
{[%clk 1:15:03]} 12. O-O {[%clk 1:13:50]} b6 {[%clk 1:09:45]} 13. Qc2
{[%clk 1:09:53]} h6 {[%clk 1:06:02]} 14. Rad1 {[%clk 1:07:56]} Qc7
{[%clk 1:04:38]} 15. Be5 {[%clk 1:06:24]} Qb7 {[%clk 0:58:04]} 16. Bxf6
{[%clk 1:06:08]} Bxf6 {[%clk 0:57:23]} 17. Be4 {[%clk 1:06:24]} Qb8
{[%clk 0:57:44]} 18. Bxa8 {[%clk 1:05:30]} Qxa8 {[%clk 0:57:51]} 19. Qe2
{[%clk 1:01:18]} Bb7 {[%clk 0:57:41]} 20. Rd2 {[%clk 0:59:08]} Qc8
{[%clk 0:54:29]} 21. Rfd1 {[%clk 0:52:11]} Qc6 {[%clk 0:51:51]} 22. Rd6
{[%clk 0:48:00]} Qc8 {[%clk 0:49:29]} 23. Ne5 {[%clk 0:43:41]} Qa8
{[%clk 0:46:21]} 24. Nd7 {[%clk 0:41:31]} Re8 {[%clk 0:45:55]} 25. Nxf6+
{[%clk 0:41:32]} gxf6 {[%clk 0:46:13]} 26. Qh5 {[%clk 0:40:37]} Kh7
{[%clk 0:45:54]} 27. Qxf7+ {[%clk 0:40:56]} Kh8 {[%clk 0:45:55]} 28. Rd7
{[%clk 0:41:21]} 1-0

[Event "EUYCC 2025 - U12"]
[Site "?"]
[Date "2025.08.24"]
[Round "6.15"]
[White "Maesepp, Stella"]
[Black "Galia, Simon"]
[Result "1/2-1/2"]
[BlackElo "1478"]
[WhiteElo "1520"]
[LiveChessVersion "1.4.8"]

1. d4 {[%clk 1:30:57]} d5 {[%clk 1:30:47]} 2. Nf3 {[%clk 1:30:58]} Nf6
{[%clk 1:30:53]} 3. c4 {[%clk 1:31:07]} e6 {[%clk 1:31:02]} 4. Nc3
{[%clk 1:30:23]} Be7 {[%clk 1:30:33]} 5. Bg5 {[%clk 1:29:42]} O-O
{[%clk 1:29:15]} 6. Bxf6 {[%clk 1:29:05]} Bxf6 {[%clk 1:28:45]} 7. e3
{[%clk 1:28:09]} b6 {[%clk 1:22:35]} 8. cxd5 {[%clk 1:26:37]} exd5
{[%clk 1:21:23]} 9. g3 {[%clk 1:24:52]} c6 {[%clk 1:16:52]} 10. Bg2
{[%clk 1:21:40]} Bg4 {[%clk 1:14:39]} 11. h3 {[%clk 1:17:38]} Be6
{[%clk 1:12:35]} 12. O-O {[%clk 1:17:02]} Qd7 {[%clk 1:10:17]} 13. Kh2
{[%clk 1:15:36]} Na6 {[%clk 1:07:29]} 14. a3 {[%clk 1:14:27]} Nc7
{[%clk 1:05:49]} 15. Rc1 {[%clk 1:07:00]} Rac8 {[%clk 1:02:02]} 16. Re1
{[%clk 1:03:22]} Rfd8 {[%clk 0:57:47]} 17. Ne2 {[%clk 0:56:54]} Qd6
{[%clk 0:52:47]} 18. Nf4 {[%clk 0:55:51]} h6 {[%clk 0:49:18]} 19. Nxe6
{[%clk 0:54:37]} Nxe6 {[%clk 0:49:22]} 20. Qd3 {[%clk 0:51:44]} Ng5
{[%clk 0:46:36]} 21. Nxg5 {[%clk 0:50:17]} Bxg5 {[%clk 0:45:11]} 22. f4
{[%clk 0:49:40]} Bf6 {[%clk 0:42:48]} 23. h4 {[%clk 0:48:00]} g6 {[%clk 0:41:42]}
24. Rc3 {[%clk 0:42:38]} Rc7 {[%clk 0:39:53]} 25. Rec1 {[%clk 0:38:21]} Bg7
{[%clk 0:38:02]} 26. b4 {[%clk 0:36:48]} b5 {[%clk 0:35:56]} 27. Qc2
{[%clk 0:33:49]} Rdc8 {[%clk 0:34:54]} 28. Bh3 {[%clk 0:32:56]} f5
{[%clk 0:34:51]} 29. g4 {[%clk 0:32:08]} fxg4 {[%clk 0:33:14]} 30. Bxg4
{[%clk 0:29:44]} Re8 {[%clk 0:32:20]} 31. Qd3 {[%clk 0:23:56]} Qe7
{[%clk 0:26:55]} 32. Kg3 {[%clk 0:21:19]} Qf6 {[%clk 0:23:52]} 33. Re1
{[%clk 0:11:08]} g5 {[%clk 0:20:13]} 34. hxg5 {[%clk 0:09:37]} hxg5
{[%clk 0:19:45]} 35. fxg5 {[%clk 0:05:38]} Qxg5 {[%clk 0:17:59]} 36. e4
{[%clk 0:04:20]} dxe4 {[%clk 0:16:18]} 37. Rxe4 {[%clk 0:04:38]} Rce7
{[%clk 0:15:34]} 38. Rxe7 {[%clk 0:04:02]} Rxe7 {[%clk 0:15:56]} 39. Qf5
{[%clk 0:01:07]} Re3+ {[%clk 0:15:26]} 40. Rxe3 {[%clk 0:01:29]} Qxe3+
{[%clk 0:15:48]} 41. Kg2 {[%clk 0:01:15]} Qe8 {[%clk 0:12:56]} 42. Qe6+
{[%clk 0:00:52]} Qxe6 {[%clk 0:13:00]} 43. Bxe6+ {[%clk 0:01:11]} Kf8
{[%clk 0:13:19]} 44. Bd7 {[%clk 0:01:11]} Bxd4 {[%clk 0:13:33]} 45. Bxc6
{[%clk 0:01:25]} 1/2-1/2

[Event "EUYCC 2025 - U12"]
[Site "?"]
[Date "2025.08.24"]
[Round "6.16"]
[White "Reren, Alexis Miriam"]
[Black "Krastinsh, Daniels"]
[Result "1-0"]
[BlackElo "1560"]
[WhiteElo "1576"]
[LiveChessVersion "1.4.8"]

1. d4 {[%clk 1:30:52]} Nf6 {[%clk 1:30:05]} 2. c4 {[%clk 1:31:04]} e6
{[%clk 1:30:05]} 3. Nc3 {[%clk 1:31:20]} Bb4 {[%clk 1:30:07]} 4. e3
{[%clk 1:31:33]} O-O {[%clk 1:30:06]} 5. Bd3 {[%clk 1:28:46]} b6 {[%clk 1:28:44]}
6. Nge2 {[%clk 1:28:38]} Bb7 {[%clk 1:27:52]} 7. f3 {[%clk 1:28:35]} d5
{[%clk 1:27:21]} 8. O-O {[%clk 1:26:45]} Bd6 {[%clk 1:24:04]} 9. Qc2
{[%clk 1:20:20]} h6 {[%clk 1:18:26]} 10. Rd1 {[%clk 1:14:52]} Nfd7
{[%clk 1:13:08]} 11. Nb5 {[%clk 1:07:58]} Be7 {[%clk 1:09:10]} 12. cxd5
{[%clk 1:06:06]} c6 {[%clk 1:05:43]} 13. dxc6 {[%clk 1:02:35]} Nxc6
{[%clk 1:05:50]} 14. Nbc3 {[%clk 1:01:25]} Nb4 {[%clk 1:05:17]} 15. Qd2
{[%clk 1:01:15]} Nxd3 {[%clk 1:04:51]} 16. Qxd3 {[%clk 1:01:33]} f5
{[%clk 0:58:19]} 17. Nf4 {[%clk 0:54:29]} Rf6 {[%clk 0:55:18]} 18. Qc4
{[%clk 0:50:15]} Nf8 {[%clk 0:50:37]} 19. d5 {[%clk 0:45:57]} exd5
{[%clk 0:49:06]} 20. Nfxd5 {[%clk 0:44:55]} Bxd5 {[%clk 0:48:06]} 21. Nxd5
{[%clk 0:38:28]} Kh8 {[%clk 0:47:24]} 22. Bd2 {[%clk 0:31:12]} Rc8
{[%clk 0:45:29]} 23. Qb3 {[%clk 0:30:43]} Rg6 {[%clk 0:42:57]} 24. Nf4
{[%clk 0:30:03]} Rd6 {[%clk 0:39:19]} 25. Bc3 {[%clk 0:25:59]} Bg5
{[%clk 0:31:38]} 26. Rxd6 {[%clk 0:18:01]} Qxd6 {[%clk 0:32:01]} 27. Qf7
{[%clk 0:16:52]} Bf6 {[%clk 0:27:24]} 28. Bxf6 {[%clk 0:14:31]} Qxf6
{[%clk 0:27:07]} 29. Qxf6 {[%clk 0:14:30]} gxf6 {[%clk 0:27:32]} 30. Rd1
{[%clk 0:13:54]} Rc7 {[%clk 0:26:35]} 31. Rd2 {[%clk 0:11:17]} Rd7
{[%clk 0:19:57]} 32. Rxd7 {[%clk 0:10:06]} Nxd7 {[%clk 0:20:16]} 33. Nd5
{[%clk 0:10:13]} Nc5 {[%clk 0:19:32]} 34. b4 {[%clk 0:07:40]} Nd3
{[%clk 0:19:32]} 35. a3 {[%clk 0:06:49]} Kg7 {[%clk 0:19:25]} 36. Ne7
{[%clk 0:06:42]} a5 {[%clk 0:17:06]} 37. bxa5 {[%clk 0:06:30]} bxa5
{[%clk 0:17:34]} 38. Nxf5+ {[%clk 0:06:47]} Kg6 {[%clk 0:16:50]} 39. Nd6
{[%clk 0:05:44]} Ne1 {[%clk 0:15:45]} 40. Nc4 {[%clk 0:05:21]} a4
{[%clk 0:15:41]} 41. Nb2 {[%clk 0:05:36]} Nc2 {[%clk 0:16:02]} 42. Nxa4
{[%clk 0:05:48]} Nxa3 {[%clk 0:16:26]} 43. Kf2 {[%clk 0:05:52]} Nc4
{[%clk 0:16:46]} 44. Nc3 {[%clk 0:05:56]} Nb6 {[%clk 0:16:01]} 45. e4
{[%clk 0:05:59]} Nd7 {[%clk 0:15:40]} 46. Ke3 {[%clk 0:06:00]} Ne5
{[%clk 0:15:20]} 47. h3 {[%clk 0:05:36]} Nc4+ {[%clk 0:15:35]} 48. Kf4
{[%clk 0:05:39]} Ne5 {[%clk 0:15:28]} 49. Nd5 {[%clk 0:05:33]} Nd3+
{[%clk 0:15:36]} 50. Kg4 {[%clk 0:04:31]} Ne5+ {[%clk 0:12:29]} 51. Kg3
{[%clk 0:04:30]} Nc6 {[%clk 0:11:56]} 52. Nf4+ {[%clk 0:04:43]} Kg7
{[%clk 0:10:54]} 53. Kg4 {[%clk 0:04:46]} Nd4 {[%clk 0:10:20]} 54. Nd5
{[%clk 0:04:18]} Kg6 {[%clk 0:09:03]} 55. Ne7+ {[%clk 0:04:25]} Kh7
{[%clk 0:07:43]} 56. Nf5 {[%clk 0:04:25]} Ne6 {[%clk 0:07:38]} 57. g3
{[%clk 0:04:24]} Kg6 {[%clk 0:07:03]} 58. Nh4+ {[%clk 0:04:13]} Kg7
{[%clk 0:05:25]} 59. f4 {[%clk 0:04:07]} Nd4 {[%clk 0:04:29]} 60. Nf5+
{[%clk 0:04:15]} Nxf5 {[%clk 0:04:53]} 61. Kxf5 {[%clk 0:04:25]} Kf7
{[%clk 0:05:09]} 62. e5 {[%clk 0:04:45]} fxe5 {[%clk 0:05:23]} 63. fxe5
{[%clk 0:05:00]} 1-0

[Event "EUYCC 2025 - U12"]
[Site "?"]
[Date "2025.08.24"]
[Round "6.17"]
[White "Siskova, Alexandra"]
[Black "Salim, Florian"]
[Result "0-1"]
[BlackElo "1649"]
[WhiteElo "1471"]
[LiveChessVersion "1.4.8"]

1. Nf3 {[%clk 1:30:53]} Nf6 {[%clk 1:30:39]} 2. d4 {[%clk 1:31:12]} g6
{[%clk 1:30:45]} 3. Bf4 {[%clk 1:31:24]} Bg7 {[%clk 1:30:31]} 4. e3
{[%clk 1:31:41]} d6 {[%clk 1:30:22]} 5. Bd3 {[%clk 1:31:59]} Nbd7
{[%clk 1:30:18]} 6. O-O {[%clk 1:32:06]} O-O {[%clk 1:30:32]} 7. Nbd2
{[%clk 1:31:56]} Nh5 {[%clk 1:30:24]} 8. Re1 {[%clk 1:29:57]} e5 {[%clk 1:21:27]}
9. dxe5 {[%clk 1:28:41]} dxe5 {[%clk 1:19:41]} 10. Bg5 {[%clk 1:28:06]} Qe8
{[%clk 1:16:49]} 11. Ne4 {[%clk 1:27:22]} Kh8 {[%clk 1:05:59]} 12. Bh4
{[%clk 1:26:13]} f5 {[%clk 1:02:41]} 13. Ng3 {[%clk 1:23:03]} Nxg3
{[%clk 1:02:02]} 14. Bxg3 {[%clk 1:23:25]} e4 {[%clk 1:01:55]} 15. Bc4
{[%clk 1:23:37]} exf3 {[%clk 1:02:02]} 16. Qxf3 {[%clk 1:23:59]} Ne5
{[%clk 1:01:45]} 17. Qf4 {[%clk 1:23:15]} Nxc4 {[%clk 1:01:12]} 18. Qxc4
{[%clk 1:23:38]} c6 {[%clk 0:59:45]} 19. Qh4 {[%clk 1:23:42]} Bxb2
{[%clk 0:56:49]} 20. Rab1 {[%clk 1:24:04]} Bf6 {[%clk 0:56:45]} 21. Qh3
{[%clk 1:24:17]} f4 {[%clk 0:53:52]} 22. exf4 {[%clk 1:23:04]} Bxh3
{[%clk 0:53:41]} 23. Rxe8 {[%clk 1:23:27]} Raxe8 {[%clk 0:53:48]} 24. gxh3
{[%clk 1:23:43]} b6 {[%clk 0:53:56]} 25. Kg2 {[%clk 1:23:46]} Re2
{[%clk 0:53:59]} 26. c4 {[%clk 1:23:52]} Rxa2 {[%clk 0:54:13]} 27. Rc1
{[%clk 1:24:18]} a5 {[%clk 0:54:27]} 28. f5 {[%clk 1:23:53]} Bd4 {[%clk 0:54:29]}
29. fxg6 {[%clk 1:20:37]} hxg6 {[%clk 0:53:37]} 30. Rd1 {[%clk 1:18:53]} Bxf2
{[%clk 0:53:45]} 31. Be5+ {[%clk 1:18:23]} Kg8 {[%clk 0:53:46]} 32. Kh1
{[%clk 1:16:48]} Bd4 {[%clk 0:52:40]} 33. Bxd4 {[%clk 1:16:47]} Rd8
{[%clk 0:53:02]} 34. Ra1 {[%clk 1:12:58]} Rxa1+ {[%clk 0:53:22]} 35. Bxa1
{[%clk 1:13:20]} Rd1+ {[%clk 0:53:48]} 0-1

[Event "EUYCC 2025 - U12"]
[Site "?"]
[Date "2025.08.25"]
[Round "7.1"]
[White "Konstantinides, Savvas"]
[Black "Manouvel, Maelys"]
[Result "1/2-1/2"]
[BlackElo "1739"]
[WhiteElo "1864"]
[LiveChessVersion "1.4.8"]

1. e4 {[%clk 1:30:50]} c5 {[%clk 1:29:21]} 2. Nf3 {[%clk 1:31:02]} e6
{[%clk 1:29:08]} 3. d4 {[%clk 1:31:19]} cxd4 {[%clk 1:29:30]} 4. Nxd4
{[%clk 1:31:46]} Nf6 {[%clk 1:29:05]} 5. Nc3 {[%clk 1:30:33]} Nc6
{[%clk 1:29:17]} 6. Nxc6 {[%clk 1:30:59]} bxc6 {[%clk 1:29:24]} 7. e5
{[%clk 1:31:25]} Nd5 {[%clk 1:29:17]} 8. Ne4 {[%clk 1:31:50]} Qc7
{[%clk 1:27:41]} 9. f4 {[%clk 1:32:13]} Qb6 {[%clk 1:26:39]} 10. c4
{[%clk 1:32:18]} Bb4+ {[%clk 1:26:50]} 11. Ke2 {[%clk 1:32:38]} f5
{[%clk 1:26:48]} 12. exf6 {[%clk 1:32:58]} Nxf6 {[%clk 1:27:00]} 13. Be3
{[%clk 1:32:45]} Qd8 {[%clk 1:26:00]} 14. Nd6+ {[%clk 1:32:45]} Bxd6
{[%clk 1:25:42]} 15. Qxd6 {[%clk 1:33:07]} Bb7 {[%clk 1:24:15]} 16. Rd1
{[%clk 1:32:20]} c5 {[%clk 1:21:05]} 17. Qxc5 {[%clk 1:32:16]} Rc8
{[%clk 1:19:45]} 18. Qxa7 {[%clk 1:32:34]} Qc7 {[%clk 1:19:50]} 19. Qd4
{[%clk 1:25:26]} Qxc4+ {[%clk 1:16:06]} 20. Qxc4 {[%clk 1:25:46]} Rxc4
{[%clk 1:16:30]} 21. Rc1 {[%clk 1:22:05]} Rb4 {[%clk 1:13:42]} 22. b3
{[%clk 1:19:54]} Nd5 {[%clk 1:12:27]} 23. Rg1 {[%clk 1:14:12]} Re4
{[%clk 1:10:20]} 24. Kf2 {[%clk 1:09:52]} Rxe3 {[%clk 1:09:03]} 25. Bc4
{[%clk 1:09:24]} Rc3 {[%clk 1:04:15]} 26. Bxd5 {[%clk 1:09:16]} Rxc1
{[%clk 1:04:29]} 27. Rxc1 {[%clk 1:09:32]} exd5 {[%clk 1:04:11]} 28. Rc7
{[%clk 1:09:53]} Ba6 {[%clk 1:04:33]} 29. Ra7 {[%clk 1:10:18]} Bc8
{[%clk 1:04:56]} 30. Ra5 {[%clk 1:10:07]} O-O {[%clk 1:04:30]} 31. g3
{[%clk 1:09:27]} Bb7 {[%clk 1:01:12]} 32. a4 {[%clk 1:06:41]} Kf7
{[%clk 0:57:11]} 33. Ra7 {[%clk 1:03:38]} Bc6 {[%clk 0:55:37]} 34. b4
{[%clk 1:02:31]} Ra8 {[%clk 0:52:03]} 35. Rxa8 {[%clk 1:02:38]} Bxa8
{[%clk 0:52:32]} 36. Ke3 {[%clk 1:02:43]} Ke6 {[%clk 0:51:37]} 37. Kd4
{[%clk 1:02:32]} Kd6 {[%clk 0:50:45]} 38. g4 {[%clk 1:01:11]} 1/2-1/2

[Event "EUYCC 2025 - U12"]
[Site "?"]
[Date "2025.08.25"]
[Round "7.2"]
[White "Bilochenko, Matvii"]
[Black "Temirbek, Amirali"]
[Result "1-0"]
[BlackElo "1773"]
[WhiteElo "1972"]
[LiveChessVersion "1.4.8"]

1. c4 {[%clk 1:30:56]} Nf6 {[%clk 1:30:51]} 2. Nc3 {[%clk 1:31:20]} e6
{[%clk 1:31:14]} 3. e4 {[%clk 1:31:36]} c5 {[%clk 1:27:52]} 4. Nf3
{[%clk 1:28:41]} Nc6 {[%clk 1:28:11]} 5. d4 {[%clk 1:27:54]} cxd4
{[%clk 1:25:12]} 6. Nxd4 {[%clk 1:28:06]} Bb4 {[%clk 1:25:30]} 7. Nxc6
{[%clk 1:26:55]} bxc6 {[%clk 1:25:20]} 8. Bd3 {[%clk 1:25:55]} d5
{[%clk 1:23:04]} 9. cxd5 {[%clk 1:22:36]} Bxc3+ {[%clk 1:22:40]} 10. bxc3
{[%clk 1:22:05]} cxd5 {[%clk 1:23:00]} 11. Bg5 {[%clk 1:02:36]} h6
{[%clk 1:15:23]} 12. Bxf6 {[%clk 1:00:45]} Qxf6 {[%clk 1:15:44]} 13. Bb5+
{[%clk 1:00:02]} Ke7 {[%clk 1:16:08]} 14. O-O {[%clk 0:51:33]} Rd8
{[%clk 1:15:49]} 15. Qa4 {[%clk 0:40:04]} Qf4 {[%clk 1:11:35]} 16. Bc6
{[%clk 0:29:35]} Rb8 {[%clk 1:11:34]} 17. Qxa7+ {[%clk 0:27:31]} Kf8
{[%clk 1:09:29]} 18. Rad1 {[%clk 0:20:37]} Qd6 {[%clk 1:03:45]} 19. exd5
{[%clk 0:17:57]} Kg8 {[%clk 1:02:27]} 20. h3 {[%clk 0:16:11]} e5 {[%clk 1:02:15]}
21. c4 {[%clk 0:13:17]} Bf5 {[%clk 1:01:23]} 22. Qe3 {[%clk 0:13:19]} Rb2
{[%clk 1:00:08]} 23. a4 {[%clk 0:12:23]} Qg6 {[%clk 0:58:55]} 24. Qg3
{[%clk 0:10:17]} Qd6 {[%clk 0:58:03]} 25. Rfe1 {[%clk 0:09:05]} f6
{[%clk 0:57:53]} 26. Qe3 {[%clk 0:09:04]} Qb4 {[%clk 0:56:45]} 27. Rc1
{[%clk 0:07:06]} Rb3 {[%clk 0:56:29]} 28. Qe2 {[%clk 0:06:57]} Bd3
{[%clk 0:55:14]} 29. Qg4 {[%clk 0:05:22]} Rb2 {[%clk 0:54:20]} 30. Qg3
{[%clk 0:02:39]} Qa3 {[%clk 0:50:46]} 31. c5 {[%clk 0:01:39]} Rb3
{[%clk 0:50:34]} 32. Qg4 {[%clk 0:01:03]} f5 {[%clk 0:50:02]} 33. Qh4
{[%clk 0:00:55]} Rdb8 {[%clk 0:49:42]} 34. Qe7 {[%clk 0:01:07]} Be4
{[%clk 0:48:52]} 35. Qxe5 {[%clk 0:00:58]} Rb2 {[%clk 0:47:22]} 36. Qf4
{[%clk 0:00:42]} R8b4 {[%clk 0:46:53]} 37. Bd7 {[%clk 0:00:42]} Qa2
{[%clk 0:46:13]} 38. Bxf5 {[%clk 0:00:34]} Rxf2 {[%clk 0:46:25]} 39. Be6+
{[%clk 0:00:43]} Kh8 {[%clk 0:46:38]} 40. Qxf2 {[%clk 0:00:56]} Rb2
{[%clk 0:46:55]} 41. Qf8+ {[%clk 0:00:59]} Kh7 {[%clk 0:47:18]} 42. Bf5+
{[%clk 0:01:04]} 1-0

[Event "EUYCC 2025 - U12"]
[Site "?"]
[Date "2025.08.25"]
[Round "7.3"]
[White "Pasca, Alexandru-Daniel"]
[Black "Rzadkowska, Lila"]
[Result "1/2-1/2"]
[BlackElo "1964"]
[WhiteElo "1873"]
[LiveChessVersion "1.4.8"]

1. d4 {[%clk 1:30:59]} Nf6 {[%clk 1:30:43]} 2. Nf3 {[%clk 1:31:24]} d5
{[%clk 1:30:40]} 3. e3 {[%clk 1:31:49]} e6 {[%clk 1:30:49]} 4. Bd3
{[%clk 1:32:00]} c5 {[%clk 1:29:45]} 5. b3 {[%clk 1:31:41]} b6 {[%clk 1:19:29]}
6. O-O {[%clk 1:31:12]} Be7 {[%clk 1:18:07]} 7. c4 {[%clk 1:21:44]} O-O
{[%clk 1:16:09]} 8. Bb2 {[%clk 1:17:31]} Bb7 {[%clk 1:08:11]} 9. Nbd2
{[%clk 1:08:52]} Ne4 {[%clk 1:03:29]} 10. Qc2 {[%clk 0:51:19]} f5
{[%clk 0:58:03]} 11. Ne5 {[%clk 0:39:13]} Nc6 {[%clk 0:52:56]} 12. Ndf3
{[%clk 0:32:48]} Nb4 {[%clk 0:43:56]} 13. Qe2 {[%clk 0:30:10]} Qe8
{[%clk 0:39:43]} 14. a3 {[%clk 0:26:20]} Nxd3 {[%clk 0:40:10]} 15. Nxd3
{[%clk 0:26:42]} Qh5 {[%clk 0:37:07]} 16. Nf4 {[%clk 0:22:55]} Qh6
{[%clk 0:37:28]} 17. Ne5 {[%clk 0:19:05]} cxd4 {[%clk 0:31:26]} 18. Bxd4
{[%clk 0:18:29]} Bg5 {[%clk 0:28:15]} 19. Nh3 {[%clk 0:07:54]} f4
{[%clk 0:22:12]} 20. Ng4 {[%clk 0:02:12]} Qg6 {[%clk 0:17:21]} 21. f3
{[%clk 0:02:14]} Nd6 {[%clk 0:17:03]} 22. Nxg5 {[%clk 0:01:54]} Qxg5
{[%clk 0:17:07]} 23. exf4 {[%clk 0:02:10]} Qg6 {[%clk 0:14:21]} 24. Be5
{[%clk 0:00:42]} Nf5 {[%clk 0:13:55]} 25. Ne3 {[%clk 0:00:38]} Nh4
{[%clk 0:13:04]} 26. cxd5 {[%clk 0:00:42]} exd5 {[%clk 0:13:07]} 27. g3
{[%clk 0:00:37]} a5 {[%clk 0:12:58]} 28. Qc2 {[%clk 0:00:49]} d4 {[%clk 0:11:35]}
29. Qxg6 {[%clk 0:00:36]} hxg6 {[%clk 0:11:59]} 30. gxh4 {[%clk 0:00:37]} dxe3
{[%clk 0:12:29]} 31. Rfe1 {[%clk 0:00:56]} Bxf3 {[%clk 0:11:49]} 32. Rxe3
{[%clk 0:01:22]} Bb7 {[%clk 0:11:33]} 33. Rd1 {[%clk 0:01:33]} Rac8
{[%clk 0:09:37]} 34. Rd7 {[%clk 0:01:12]} Rf7 {[%clk 0:10:05]} 35. Rxf7
{[%clk 0:01:09]} Kxf7 {[%clk 0:10:34]} 36. Rc3 {[%clk 0:01:11]} Rxc3
{[%clk 0:09:35]} 37. Bxc3 {[%clk 0:01:24]} Bd5 {[%clk 0:09:54]} 38. b4
{[%clk 0:02:12]} axb4 {[%clk 0:09:40]} 39. axb4 b5 {[%clk 0:09:55]} 40. Kf2
{[%clk 0:02:39]} Bb3 {[%clk 0:09:56]} 41. Ke3 {[%clk 0:03:04]} Bd1
{[%clk 0:09:42]} 1/2-1/2